| 000 | 00342nam a2200133Ia 4500 | ||
|---|---|---|---|
| 008 | 240624s9999 xx 000 0 und d | ||
| 041 | _aeng | ||
| 082 | _a658.5 REL | ||
| 100 | _aRELPH GEOFF | ||
| 245 | _aINVENTORY MANAGEMENT ADVANCED METHODS FO | ||
| 260 |
_c2015 _aNew Delhi _bKogan Page |
||
| 300 | _av, 274 p.; 23 cm. | ||
| 365 |
_cBPS _b30 |
||
| 999 |
_c29937 _d29937 |
||